000 00692nam a2200265 a 4500
003 AR-BaBNM
005 20251128202904.0
008 082120s2002 ||||||||||||||000 | spa||
040 _cAR-BaBNM
100 1 _aFernández Moreno, César
245 0 0 _aEsquema de Borges
260 _aBuenos Aires
_bPerrot
_c1957
300 _a65 p.
_bil.
490 0 _aNuevo mundo
_vv. 9
500 _aContiene índice onomástico en p. 65
650 4 _aLITERATURA ARGENTINA
650 4 _aESCRITORES
650 4 _aCRITICA LITERARIA
653 _aVANGUARDIAS LITERARIAS
653 _aULTRAISMO
655 _aLITERATURA
800 1 _aRadaelli, Sigfrido
_edirector
942 _cBK
998 _cMARTIN
999 _c1062
_d1062